| 000 | 00674nam a2200217 i 4500 | ||
|---|---|---|---|
| 001 | 89511 | ||
| 003 | ES-MaACL | ||
| 007 | t| | ||
| 008 | 050111s1986 sp ||||1| spa d | ||
| 020 | _a84-00-06326-0 | ||
| 245 | 0 | 0 |
_aLáseres y sus aplicaciones / _cJ. Manuel Orza Segade, coordinador. |
| 260 |
_aMadrid : _bConsejo Superior de Investigaciones Científicas, _c1986. |
||
| 300 |
_aXVI, 313 p. : _bil. ; _c24 cm. |
||
| 490 | 1 |
_aNuevas tendencias ; _v1 |
|
| 500 | _aIndice. | ||
| 504 | _aBibliografía. | ||
| 700 | 1 |
_aOrza Segade, José Manuel. _987711 |
|
| 830 | 0 |
_aNuevas tendencias ; _v1 _9186417 |
|
| 852 |
_aES-MaACL _jG-7001 _bR.114327 |
||
| 999 |
_c89511 _d89511 |
||